000 00331nam a2200145Ia 4500
008 230718s9999 xx 000 0 und d
041 _aEng.
082 _a346.04
_bSHR-A
100 _aShrif,Mohammad
245 0 _aArbitration act 1941
260 _aPakistan
_bNational law
_c2012
300 _a112
650 _aLaw
999 _c30309
_d30309